Plus longs fleuves d'Espagne - Statistiques

Statistiques générales
  • Ce quiz a été pris 8 fois
  • Le résultat moyen est 4 sur 10
Statistiques - réponses
Hint Réponse % Correct
1 078* Tage
100%
928 Èbre
88%
940* Douro
63%
657 Guadalquivir
63%
647* Garonne
38%
744* Guadiana
25%
318* Minho
13%
498 Jucar
0%
325 Segura
0%
280 Turia
0%
Aucun quiz correspondant
Distribution des résultats
% des personnes avec chaque résultat
Percentile par nombre de réponses
Votre historique - résultats
Vous n’avez pas pris ce quiz